| 000 | 00916nam a2200253 i 4500 | ||
|---|---|---|---|
| 003 | IT-RoINE | ||
| 005 | 20200622090058.0 | ||
| 008 | A10218s1979 it |rb 001|| ita d | ||
| 040 |
_aDLC. _cIT-RoINE _dIT-RoINE |
||
| 100 | 1 |
_aAcerbi, Antonio, _945548 _d1935-2004 |
|
| 245 | 1 | 3 |
_aLa Chiesa nel tempo : _bsguardi sui progetti di relazione tra Chiesa e società civile negli ultimi cento anni / _cAntonio Acerbi. |
| 260 |
_aMilano : _bVita e Pensiero, _c1979. |
||
| 300 |
_aVI, 315 p. ; _c22 cm. |
||
| 336 |
_2rdacontent _atext |
||
| 337 |
_2rdamedia _aunmediated |
||
| 338 |
_2rdacarrier _avolume |
||
| 490 | 1 |
_aScienze religiose ; _v4 |
|
| 500 | _aIncluye índice. | ||
| 504 | _aIncluye bibliografía. | ||
| 610 | 2 | 4 |
_aIglesia Católica _xHistoria _ySiglos 19o.-20o. _951364 |
| 650 | 4 |
_aIglesia y el mundo _ySiglos 19o.-20o. _951689 |
|
| 830 | 0 |
_951682 _aScienze religiose (Vita e pensiero) _n4 |
|
| 942 | _cMTS | ||
| 999 |
_c26095 _d26095 |
||